000 00272nmm a2200097Ia 4500
008 220120s9999||||xx |||||||||||||||||und||
020 _a81-265-0050-6
100 _aLFY-OCT-2009
245 0 _aOpen office org.3 for linux and windows, power users , devel
260 _bNew Delhi
999 _c139420
_d139420